That's Life Lyrics - Frank Sinatra - Statistics

General Stats
  • This quiz has been taken 448 times
  • The average score is 213 of 269
Answer Stats
Lyrics % Correct
life
100%
life)
100%
that
100%
I
99%
That's
99%
(that's
99%
that's
99%
a
98%
A
98%
the
97%
down
95%
in
94%
people
93%
say
93%
all
92%
and
92%
And
92%
May
92%
may
92%
what
91%
on
90%
April
88%
up
88%
know
87%
back
86%
get
86%
it
86%
my
86%
My
86%
been
84%
But
84%
but
84%
high
84%
then
84%
I've
83%
June
82%
I'm
81%
one
81%
out
81%
poet
81%
over
80%
Shot
80%
When
80%
king
79%
myself
79%
thing
79%
gonna
78%
time
77%
race
76%
top
76%
You're
76%
can't
73%
face
73%
pawn
73%
this
73%
me
72%
riding
72%
Some
72%
change
71%
dream
71%
find
71%
pirate
71%
said
71%
seem
71%
Each
70%
just
70%
tune
70%
as
69%
pick
69%
puppet
69%
big
68%
die
68%
funny
68%
deny
67%
flat
67%
flat]
67%
kicks
67%
let
67%
their
67%
around
65%
ball
64%
world
63%
buy
62%
heart
62%
if
62%
spinnin'
62%
don't
61%
keeps
61%
won't
61%
old
60%
pauper
60%
roll
60%
fly
59%
'Cause
57%
July
57%
of
57%
Stompin'
56%
ain't
53%
fine
53%
thought
53%
bird
51%
here
47%
baby
46%
I'd
46%
come
45%
quitting
45%
try
45%
layin'
44%
jump
43%
right
42%
Many
41%
times
41%
single
40%
think
39%
nothing
38%
there's
38%
was
38%
cuttin'
36%
tell
35%
shakin'
34%
worth
34%
didn't
32%
ya
20%
No matching quizzes found
Score Distribution
Percent of People with Each Score
Percentile by Number Answered
Your Score History
You have not taken this quiz